Tigers forever: (Record no. 60304)

MARC details
000 -LEADER
fixed length control field 01903nam a2200301 a 4500
005 - DATE AND TIME OF LATEST TRANSACTION
control field 20120104165455.0
010 ## - LCCN (DPL NO)
LC control number B-477190-196
020 ## - INTERNATIONAL STANDARD BOOK NUMBER
International Standard Book Number 9788170703129
Terms of availability 80.00
035 ## - SYSTEM CONTROL NUMBER
System control number B-477190-196
037 ## - SOURCE OF ACQUISITION
Source of stock number/acquisition Blue Berry/Ven
082 ## - DEWEY DECIMAL CLASSIFICATION NUMBER
Classification number S
100 ## - MAIN ENTRY--PERSONAL NAME
Personal name Bond, Ruskin
245 ## - TITLE STATEMENT
Title Tigers forever:
Statement of responsibility, etc by Ruskin Bond; illustrated by Tapas Guha
Remainder of title poems and stories /
260 ## - PUBLICATION, DISTRIBUTION, ETC. (IMPRINT)
Place of publication, distribution, etc New Delhi
Name of publisher, distributor, etc Ratna Sagar
Date of publication, distribution, etc 1996
270 ## - ADDRESS
Address 4808/24, Bharat Ram Road, Daryaganj,
City New Delhi
Postal code 110002
300 ## - PHYSICAL DESCRIPTION
Extent 71p. ;
Dimensions 23cm(pbk)
Other physical details ill.
700 ## - ADDED ENTRY--PERSONAL NAME
Personal name Guha, Tapas
9 (RLIN) 38260
856 ## - ELECTRONIC LOCATION AND ACCESS
Materials specified Table of contents
Uniform Resource Identifier http://www.loc.gov/catdir/toc/ecip0516/2005020735.html
942 ## - ADDED ENTRY ELEMENTS (KOHA)
Source of classification or shelving scheme Dewey Decimal Classification
Item type English Books
Call number suffix BON
Classification part S
Holdings
Withdrawn status Lost status Not for loan Collection code Home library Current library Date acquired Source of acquisition Cost, normal purchase price Full call number Barcode Copy number Cost, replacement price Koha item type
      Fiction Andrews Gunj Andrews Gunj 14/09/2012 Blue Berry/IN8279/30.03.12/43/20.3.2012/30.03.2012 80.00 S BON B-477192 1 80.00 English Books
  Written-off vide DLB M. No. 383 dt 16.05.19   Fiction Netaji Nagar Netaji Nagar 14/09/2012 Blue Berry/IN8279/30.03.12/43/20.3.2012/30.03.2012 80.00 S BON B-477194 1 80.00 English Books
      Fiction R.K.Puram-8 R.K.Puram-8 14/09/2012 Blue Berry/IN8279/30.03.12/43/20.3.2012/30.03.2012 80.00 S BON B-477191 1 80.00 English Books
      Fiction Sarojini Nagar Sarojini Nagar 14/09/2012 Blue Berry/IN8279/30.03.12/43/20.3.2012/30.03.2012 80.00 S BON B-477190 1 80.00 English Books
  Written-off vide DLB M. No. 383 dt 16.05.19   Fiction Shahdara Branch Shahdara Branch 14/09/2012 Blue Berry/IN8279/30.03.12/43/20.3.2012/30.03.2012 80.00 S BON B-477196 1 80.00 English Books
      Fiction Sriniwas Puri Sriniwas Puri 14/09/2012 Blue Berry/IN8279/30.03.12/43/20.3.2012/30.03.2012 80.00 S BON B-477193 1 80.00 English Books
      Fiction Vinoba Puri Vinoba Puri 14/09/2012 Blue Berry/IN8279/30.03.12/43/20.3.2012/30.03.2012 80.00 S BON B-477195 1 80.00 English Books

© Delhi Public Library
Hit Counter
free hit counter